[Event "Dulles Skyline op-B"]
[Site "Dulles"]
[Date "2022.10.10"]
[Round "6"]
[White "Sammons, Matthew Willis"]
[Black "Didita, George Vic"]
[Result "1/2-1/2"]
[WhiteElo "1669"]
[BlackElo "1668"]
[PlyCount "76"]
[EventDate "2022.10.08"]
[EventType "swiss"]
[EventRounds "6"]
[EventCountry "USA"]
[SourceTitle "CBM 210 Extra"]
[Source "ChessBase"]
[SourceDate "2022.11.30"]
[SourceVersion "1"]
[SourceVersionDate "2022.11.30"]
[SourceQuality "1"]

1. e4 c5 2. Nf3 g6 3. d4 cxd4 4. Nxd4 Nf6 5. Nc3 Nc6 6. Be3 Bg7 7. f3 0-0 8. Qd2 d5 9. exd5 Nxd5 10. Nxd5 Nxd4 11. Bxd4 Qxd5 12. Bxg7 Qxd2+ 13. Kxd2 Rd8+ 14. Ke3 Kxg7 15. Bd3 Bf5 16. Bxf5 gxf5 17. Rhd1 e5 18. c4 Kf6 19. Rxd8 Rxd8 20. Ke2 e4 21. Rd1 Rxd1 22. Kxd1 Ke5 23. Kd2 Kd4 24. b3 a5 25. a3 exf3 26. gxf3 f4 27. c5 h5 28. h3 f6 29. h4 f5 30. a4 Kd5 31. Kd3 Kxc5 32. Kc3 b6 33. Kd3 Kb4 34. Kc2 b5 35. axb5 Kxb5 36. Kc3 Kc5 37. Kd3 Kd5 38. Kc3 Kc5 1/2-1/2